| 000 | 00872nam a2200229 a 4500 | ||
|---|---|---|---|
| 001 | 000035753 | ||
| 005 | 20200930074602.0 | ||
| 008 | 111110s2011 dr ac 001 0 spa d | ||
| 020 | _a9789945164022 | ||
| 040 |
_aDO-SdBNP _bspa _cBNPHU |
||
| 082 |
_a370.97293 _bR696m |
||
| 100 | 1 |
_aRodríguez Cedeño, Dávila, _d1934- _961579 |
|
| 245 | 1 | 0 |
_aMemorias pedagógicas de una maestra / _cDávila Rodríguez Cedeño ; prólogo Alfonso Trinidad. |
| 260 |
_aSanto Domingo : _bBúho, _c2011. |
||
| 300 |
_a396 p. : _bil., retr. ; _c24 cm. |
||
| 590 | _aInventariado, 2018/VM | ||
| 650 | 4 |
_aMaestros _xRelatos personales _961698 |
|
| 650 | 4 |
_aEducación primaria _zRepública Dominicana _xCorrespondencia, memorias, etc. _961699 |
|
| 650 | 4 |
_aMaestros _xSituación socioeconómica _961700 |
|
| 700 | 1 |
_aTrinidad, Alfonso, _epról. _961701 |
|
| 910 | _aValidado. Control de calidad EMS | ||
| 999 |
_c35244 _d35244 |
||